La iglesia católica y el sistema político costarricense /
Sparad:
| Huvudupphovsman: | |
|---|---|
| Materialtyp: | Okänd |
| Språk: | Spanish |
| Ämnen: | |
| Taggar: |
Lägg till en tagg
Inga taggar, Lägg till första taggen!
|
MARC
| LEADER | 000000000a22000000004500 | ||
|---|---|---|---|
| 001 | 002517 | ||
| 041 | 0 | |a spa | |
| 100 | 1 | |a Vargas Arias, Claudio Antonio | |
| 245 | 1 | 3 | |a La iglesia católica y el sistema político costarricense / |c Claudio Antonio Vargas Arias. |
| 310 | |a trimestral | ||
| 650 | 4 | |a IGLESIA CATOLICA EN COSTA RICA | |
| 650 | 4 | |a IGLESIA Y ESTADO EN COSTA RICA | |
| 650 | 4 | |a PARTIDO UNION CATOLICA | |
| 650 | 4 | |a LIBERALISMO | |
| 773 | 0 | |x 0482-5276 |d San José, Costa Rica : Editorial de la Universidad de Costa Rica |t Revista de Ciencias Sociales |g número 1 (1990), páginas 79-87 | |
| 942 | |c ARC | ||
| 999 | |c 9933 |d 9933 | ||
